000 01289nam a22003135a 4500
003 EG-ScBUE
005 20211123115851.0
008 180120s1996 le f 000 f ara d
040 _aEG-ScBUE
_bara
_erda
_cEG-ScBUE
_dEG-ScBUE
041 1 _aara
_hgre
082 0 4 _a889.332
_bك ا ز
_222
100 1 _aكازانتزاكيس، نيكوس،
_d1883-1957،
_eمؤلف.
245 1 0 _aفقير الله :
_bالقديس فرانسيس الصقلي /
_cرواية نيكوس كازنتزاكيس ؛ ترجمة سهيل نجم.
246 3 4 _aقديس فرانسيس :
_bفقير الله القديس فرانسيس الصقلي
250 _aالطبعة الأولى.
264 1 _aبيروت :
_bدار الكنوز الأدبية،
_c1996.
300 _a392 صفحة ؛
_c20 سم.
336 _2rdacontent
_aنص
_btxt
337 _2rdamedia
_aبدون وسيط
_bn
338 _2rdacarrier
_aمجلد
_bnc
490 0 _aالسلسلة الروائية ؛
_v1
546 _aالنص باللغة العربية وتم ترجمته من اللغة اليونانية.
650 7 _aالقصص اليونانية
_yقرن 20.
_2BUEsh
651 _2BUEsh
653 _bHHUUEENN
_cJanuary2018
655 _vReading book
_934232
700 1 _aنجم، سهيل،
_eمترجم.
942 _2ddc
999 _c25959
_d25931